Geography Mega Generator Puzzle #1 in 4 minutes - Statistics

General Stats
  • This quiz has been taken 46 times
  • The average score is 13 of 22
Answer Stats
hint answer % Correct
one-syllable US state Maine
87%
Nadia Comăneci's country Romania
85%
Beijing's dialect Mandarin
82%
Muscat is its capital Oman
82%
its internet TLD is .ir Iran
79%
Hoosier state, named for its indigenous people Indiana
77%
Pacific nation that gained a day by skipping Dec 30 2011 Samoa
72%
ex-Soviet republic with Mt Ararat on its emblem Armenia
67%
Titan, Oberon, Phobos Moons
64%
9-letter location INDONESIA
62%
sea west of Greece Ionian
59%
capital of Lazio in Italy Rome
59%
zenith's antonym Nadir
56%
capital city since 1991 secession from Ethiopia Asmara
51%
seasonal movers, 40% of Tibet's population Nomads
51%
9-letter location SAN MARINO
51%
Algeria's currency Dinar
44%
Comorian capital Moroni
41%
Middle East's highest capital, 2300 m / 7500 ft Sana'a
38%
Portuguese archipelago Madeira
33%
English plateau Yorkshire {Moors}
28%
Lebanon's 3rd city Sidon
13%
No matching quizzes found
Score Distribution
Percent of People with Each Score
Percentile by Number Answered
Your Score History
You have not taken this quiz